Medzinárodný finančný manažment /

Salvato in:
Dettagli Bibliografici
Autori principali: Unčovský, Ladislav (Autore), Polednáková, Anna (Autore)
Natura: Libro
Lingua:slovacco
Pubblicazione: Bratislava : Ekonomická univerzita, 1995
Tags: Aggiungi Tag
Nessun Tag, puoi essere il primo ad aggiungerne!!

MARC

LEADER 00000nam a22000003a 4500
001 stu23539
005 20150617225747.9
008 951023s1995----xo------------------slo-d
020 |a 80-225-0658-3 
040 |a STU  |b slo 
041 0 |a slo 
044 |a xo 
080 |a 338.242+336.6(075.8) 
100 1 |a Unčovský, Ladislav  |4 aut 
245 1 |a Medzinárodný finančný manažment /  |c [aut.]Polednáková,Anna, Unčovský,Ladislav 
260 |a Bratislava :  |b Ekonomická univerzita,  |c 1995 
300 |a 127 s :  |b Grafy,lit 
500 |a Dočasná vysokoškolská učebnica 
700 1 |a Polednáková, Anna  |4 aut 
996 |b CS33550  |c C*S33550  |l CCXIV  |s P  |a 0  |w stu23539_0001